Economic forecasting

Salvato in:
Dettagli Bibliografici
Autore principale: Carnot, Nicholas
Altri autori: Koen, Vincent, Tissot, Bruno
Natura: Libro
Lingua:inglese
Pubblicazione: New York Palgrave Macmillan 2005
Soggetti:
Tags: Aggiungi Tag
Nessun Tag, puoi essere il primo ad aggiungerne!!

MARC

LEADER 00000nam$a2200000$$$4500
001 0031638
005 20221129082519.6
020 |a 1-4039-3654-4 
041 0 |a eng 
044 |a US 
245 1 0 |a Economic forecasting  |c Nicholas Carnot, Vincent Koen and Bruno Tissot 
264 1 |a New York  |b Palgrave Macmillan  |c 2005 
300 |a xix, 315 s. 
610 2 0 |a prognózy hospodárske 
610 2 0 |a prognózovanie 
610 2 0 |a účty národné 
610 2 0 |a prognózy 
610 2 0 |a rady časové 
610 2 0 |a metódy prognostické 
610 2 0 |a modely prognostické 
610 2 0 |a modely makroekonomické 
100 1 |a Carnot, Nicholas 
700 1 |a Koen, Vincent 
700 1 |a Tissot, Bruno